00226nam a2200097Ia 4500100001800000654002700018245002500045260003200070082001400102546001200116 aCampbell Joe  aThe R.S. 232 Solution aThe R.S-232 Solution bB.P.B. PubaNew Delhic1990 a4.69bCAM aENGLISH